Statistiken für Welche Stadt in Bayern?

Klicken Sie hier um das Quiz zu spielen!

Allgemein

  • Dieses Quiz wurde 4.394 mal gespielt
    (4.393 seit der letzten Aktualisierung)
  • Das Durchschnittsergebnis liegt bei 13 aus 20

Antwortstatistiken

BeschreibungBuchstabeStadt% Korrekt
LandeshauptstadtMMünchen
100%
Zweitgrößte Stadt in Bayern und größte Stadt in MittelfrankenNNürnberg
99%
Großstadt im Südwesten Bayerns, die den amtlichen Beinamen "Fuggerstadt" trägtAAugsburg
93%
Der Automobilhersteller Audi hat in dieser Stadt seinen SitzIIngolstadt
92%
In dieser Stadt fließen Donau, Inn und Ilz zusammenPPassau
81%
Diese Stadt gelangte 1933 durch ein errichtetes Konzentrationslager zu unrühmlicher BekanntheitDDachau
80%
Die Steinerne Brücke ist nicht nur eine der bekanntesten Sehenswürdigkeiten dieser Großstadt, sondern wurde auch zum Vorbild der berühmten Prager KarlsbrückeRRegensburg
77%
Dirk Nowitzki kommt aus dieser fränkischen GroßstadtWWürzburg
73%
Mit dieser Großstadt verbindet man das KleeblattFFürth
68%
Das Versicherungsunternehmen HUK hat ihren Sitz in dieser StadtCCoburg
64%
"Fränkisches Rom" ist ein Beiname dieser Stadt, da sie wie Rom auf sieben Hügeln erbaut wurdeBBamberg
60%
Hier finden jährlich die Richard-Wagner-Festspiele stattBBayreuth
60%
Hier fanden 1936 die olympischen Winterspiele stattGGarmisch-Partenkirchen
57%
Stadt, die für ihre Altstadtinsel am Bodensee bekannt istLLindau
57%
Die größte Stadt im AllgäuKKempten
56%
Der Name dieser an der Saale gelegenen Stadt hat nur drei BuchstabenHHof
54%
Diese Stadt ist die kleinste Großstadt BayernsEErlangen
49%
Mittelfränkische Kleinstadt, die durch ihre weitgehend erhaltene mittelalterlichen Altstadt eine weltbekannte Sehenswürdigkeit istRRothenburg ob der Tauber
32%
Die Martinskirche und die Burg Trausnitz sind die Wahrzeichen dieser StadtLLandshut
31%
Südlichste Gemeinde DeutschlandsOOberstdorf
30%

Verteilung der Resultate

Perzentil nach korrekt beantworteten Fragen

Anzahl Personen mit jedem Resultat

Ihre Resultats-Entwicklung

Sie haben dieses Quiz seit der letzten Aktualisierung nicht gespielt